[Event "Montreal International"]
[Site "Montreal"]
[Date "1979.04.29"]
[Round "14"]
[White "Karpov, Anatoly"]
[Black "Portisch, Lajos"]
[Result "1/2-1/2"]
[WhiteElo "2705"]
[BlackElo "2640"]
[Annotator "ChessBase"]
[PlyCount "83"]
[EventDate "1979.04.11"]
[EventType "tourn"]
[EventRounds "18"]
[EventCountry "CAN"]
[EventCategory "15"]
[SourceTitle "MCL"]
[Source "ChessBase"]
[SourceDate "1999.07.01"]
[SourceVersion "1"]
[SourceVersionDate "1999.07.01"]
[SourceQuality "1"]

1. e4 c6 2. Nc3 d5 3. Nf3 Bg4 4. h3 Bxf3 (4... Bh5 $5 5. exd5 cxd5 6. g4 Bg6 7.
Bb5+ Nc6 8. Ne5 $13) 5. Qxf3 Nf6 6. d3 e6 7. Be2 (7. g3 {Fischer 1959}) (7. Bd2
Nbd7 8. g4 $13) (7. a3 Nbd7 8. g4) 7... Nbd7 (7... Bb4 8. Bd2 d4 9. Nb1 Bxd2+ (
9... Qb6 10. O-O Bxd2 11. Nxd2 Qc7 12. c3 dxc3 13. bxc3 c5 14. d4 {
Mestel-Tikkainen/Tjenste/1975/}) 10. Nxd2 Qa5 $13) 8. Qg3 g6 9. O-O Bg7 10. Bf4
(10. Kh1 {/\f4}) 10... Qb6 (10... O-O $2 11. Bd6 Re8 12. e5 $16) 11. Rab1 O-O
12. Bf3 (12. Bc7 Qd4 13. Bf3 e5 14. Bd6 Rfe8 15. Ba3 dxe4 $10 {Smyslov,
V-Botvinnik,M (01)/Wch Moscow/1958/}) (12. e5 Ne8 13. Rfe1 {/\h4 Gligoric})
12... e5 $1 13. Bd2 (13. Bxe5 Nh5 $1 $19) 13... dxe4 14. dxe4 a5 $10 15. Rfd1
a4 16. Qh4 Qc5 17. Be3 Qe7 18. a3 Rfd8 19. Be2 Nc5 20. Bf1 Ne6 21. f3 b5 (21...
Nd4) 22. Na2 Qb7 23. Nb4 c5 24. Nd3 Qc7 25. c3 $2 c4 26. Nb4 Bf8 27. Qf2 (27.
Qxf6 $2 Be7 28. Nd5 Rxd5) 27... Bc5 28. Bxc5 Nxc5 29. Be2 Kg7 30. g3 h6 31. h4
h5 32. Qe3 Rac8 33. Kf1 Ra8 34. Ke1 Rac8 35. Bf1 Ra8 36. Bh3 $1 Nb3 37. Ke2
Rxd1 38. Rxd1 Rd8 39. Na6 Qa5 40. Nb4 Rxd1 41. Kxd1 Qd8+ 42. Ke2 1/2-1/2

[Event "EU-ch 13th"]
[Site "Plovdiv"]
[Date "2012.03.30"]
[Round "10"]
[White "Vallejo Pons, Francisco"]
[Black "Nisipeanu, Liviu Dieter"]
[Result "1-0"]
[WhiteElo "2693"]
[BlackElo "2643"]
[Annotator "Ftacnik,L"]
[PlyCount "89"]
[EventDate "2012.03.20"]
[EventType "swiss"]
[EventRounds "11"]
[EventCountry "BUL"]
[SourceTitle "CBM 148"]
[Source "ChessBase"]
[SourceDate "2012.05.16"]
[SourceVersion "1"]
[SourceVersionDate "2012.05.16"]
[SourceQuality "1"]

1. e4 c6 2. Nf3 d5 3. Nc3 Bg4 4. h3 Bxf3 5. Qxf3 e6 6. d4 dxe4 7. Qxe4 {
There are two ways to see this opening positions. Black has lost his bishop
pair early, but he has also managed to solve the problem of the c8-bishop and
he sports no weaknesses.} Nf6 8. Qd3 Nbd7 9. g3 Be7 {There are surprisingly
few examples of the opening fight in this line apart from the slightly exotic
fight after 10...Nd5.} (9... Nd5 10. Bg2 Nxc3 11. bxc3 Qa5 12. O-O Nb6 13. Bd2
Qa4 14. Rab1 Be7 15. f4 O-O 16. Be4 f5 17. Bf3 Qxa2 18. Rfe1 Rfe8 19. Rb3 Bf8
20. c4 Rad8 21. Bc3 Qa6 22. Be2 $14 {0-1 (36) Matjushin,G (2302)-Burmakin,V 
(2538)/St Petersburg 2000/ (36)}) 10. Bg2 O-O 11. O-O Qc7 12. b3 {White is
slightly better, Black has nothing to fear - apart from the opening wide of
the position for the white bishops.} (12. Re1 Rfe8 13. a3 Rad8 14. Be3 Nd5 $11)
12... Rad8 13. Bb2 Rfe8 14. Rad1 Bf8 {Quite a different approach is tied tothe
advance of the h-pawn, hoping to disturb the ideal fianchetto position in
front of the white king.} (14... h5 15. Qf3 h4 16. gxh4 e5 17. dxe5 Nxe5 18.
Qg3 Nh5 19. Nb5 Nxg3 20. Nxc7 Nxf1 21. Rxf1 Rf8 22. Bxe5 Bd6 $11) 15. Qe2 g6 (
15... e5 16. d5 e4 17. dxc6 Qxc6 18. Rd4 $14) 16. Nb1 (16. Rfe1 Bg7 17. a3 $14)
16... Bg7 17. c4 $6 {The retreat of the knight to b1 is controversial enough,
but the failure to control the e5-square is a serious omission.} (17. Rfe1 $14)
17... e5 $1 18. d5 {The advance of the d-pawn in the centre may not promise
any advantage, but it at least manages to keep the tension in the position.} (
18. dxe5 Nh5 19. Qe3 Bxe5 20. Bxe5 Nxe5 21. Rxd8 Rxd8 22. Qxa7 Rd3 $11) 18...
e4 (18... cxd5 19. cxd5 e4 20. d6 Qb6 21. Na3 Re6 $11) 19. d6 Qb8 {There is
still a lot of room for equality, so Black could also have put the queen on
the b6-square.} (19... Qb6 20. Bd4 c5 21. Be3 Ne5 22. Nc3 Qc6 23. Bf4 Nf3+ 24.
Bxf3 exf3 25. Qd3 h6 $11) 20. b4 b6 (20... a5 21. a3 Re6 22. c5 b6 23. Rc1 Rde8
$11) 21. Nc3 Re6 22. Bc1 Rde8 {The logical line with a slightly ugly bishop
retreat 22...Bf8!? had the advantage of eliminating the dangerous d6-pawn in
no time.} (22... Bf8 $5 23. Bf4 Bxd6 24. Rxd6 Rxd6 25. Rb1 g5 26. Bxd6 Qxd6 27.
Nxe4 Nxe4 28. Qxe4 Ne5 $11) 23. c5 (23. b5 $5 c5 24. Qc2 $14) 23... bxc5 24.
bxc5 Qb4 25. Qc2 (25. Qe3 Nxc5 26. Rd4 Qa5 27. Rc4 Nb7 28. Ra4 Nd5 29. d7 Rd8
30. Qxa7 Qxa7 31. Rxa7 Nxc3 32. Rxb7 Rd6 $15) 25... e3 $6 {Nisipeanu could not
have been really unhappy about his chances in this position. Both queen moves
to the c-file were good with full equality without much stress. Black's
decision to seek complications with the e-pawn advance might have originated
in a false evaluation of the ensuing lines.} (25... Qc4 26. Qb3 Qxb3 27. axb3
Nxc5 28. b4 Nd3 29. Nxe4 Nxc1 30. Nxf6+ Rxf6 31. Rxc1 Rxd6 32. Bxc6 $11) (25...
Qxc5 26. Be3 Qa5 27. Rfe1 Bf8 28. Bd2 Qc5 29. Be3 $11) 26. Bxe3 Rxe3 27. fxe3
Qxc5 28. Rd3 $6 (28. Kh1 Rxe3 29. Rd3 Re6 30. Qd2 $14) 28... Rxe3 $2 {Both
players are suffering from delusions, but Black's folly is more important due
to the lack of some material.} (28... Ne5 29. Rd4 Bh6 $1 30. Kh1 Bxe3 $11) 29.
Rxe3 Qxe3+ 30. Kh2 h5 (30... Qc5 31. Qd2 h5 32. Ne4 $16) 31. Ne4 h4 32. Qf2 {
White must have been very satisfied with the recent developments. His
complacency has prevented him from finding the strongest solution with the
king retreat 32.Kh1!} (32. Kh1 $1 hxg3 (32... c5 33. gxh4 $16) 33. Qxc6 Kh7 34.
Nxf6+ Nxf6 35. Qf3 $16) 32... hxg3+ 33. Qxg3 Qd4 34. Nxf6+ Bxf6 (34... Nxf6 35.
Qf4 Qxf4+ 36. Rxf4 Nd7 37. Ra4 $18) 35. Kh1 Kg7 $6 {A mediocre general move
with huge consequences. White is able to exchange the queens and dominate the
endgame with his extra exchange.} (35... c5 36. Qf4 Qd3 37. h4 Kg7 38. h5 $16)
36. Qg4 $1 Qxg4 37. hxg4 c5 38. Bd5 Ne5 39. Rc1 Nd3 {The knight moves can not
alter the general verdict of hopeless position for the defender.} (39... Nxg4
40. Rxc5 $18) 40. Rb1 Nf2+ 41. Kg1 Nxg4 42. Rb7 Ne5 43. Rxa7 c4 44. Rc7 Bd8 (
44... Bg5 45. a4 Bd2 46. d7 Bg5 47. a5 $18) 45. a4 1-0

[Event "Candidates sf"]
[Site "Elista"]
[Date "2007.06.01"]
[Round "1.5"]
[White "Polgar, Judit"]
[Black "Bareev, Evgeny"]
[Result "1-0"]
[WhiteElo "2727"]
[BlackElo "2643"]
[Annotator "Ftacnik,L"]
[PlyCount "65"]
[EventDate "2007.05.27"]
[EventType "k.o."]
[EventRounds "12"]
[EventCountry "RUS"]
[SourceTitle "CBM 119"]
[Source "ChessBase"]
[SourceDate "2007.08.01"]
[SourceVersion "1"]
[SourceVersionDate "2007.08.01"]
[SourceQuality "1"]

1. e4 c6 2. Nc3 d5 3. Nf3 Bg4 4. h3 Bxf3 5. Qxf3 e6 6. Be2 Nd7 7. d3 g6 8. O-O
Bg7 9. Bf4 Qb6 {Bareev was in the lead by two points and his choice of opening
is laudable. Polgar will be struggling to create active play for her pieces.}
10. Nd1 Ngf6 11. a4 a5 12. g4 {A rather courageous decision dictated by the
situation in the match.} e5 (12... O-O 13. Bd6 Rfd8 14. Qg3 Ne8 15. Be7 Rdc8
$11) 13. Bd2 Nc5 14. g5 (14. exd5 Nxd5 $1 (14... cxd5 15. Qg2 e4 16. d4 Ne6 17.
Bb5+ Kf8 18. c3 $14) 15. Ne3 Nf4 16. Nc4 Qc7 17. Rfe1 O-O $11) 14... dxe4 15.
dxe4 Nfd7 $2 {Bareev is playing unduly modestly and gives his opponent the
chance to generate an attack.} (15... Nfxe4 16. Be3 Nd6 (16... Qc7 17. Qg2 Qd6
18. Bf3 f5 19. gxf6 Nxf6 20. Nc3 Ne6 $15) 17. Ra3 (17. Nc3 O-O 18. Ra3 Nf5 19.
Rb3 Qa7 $17) 17... Nf5 18. Rb3 Qa7 19. Bxc5 Qxc5 20. Rxb7 Nd6 21. Rc7 e4 22.
Qe3 Bd4 23. Qd2 O-O $15) 16. Bc4 (16. Ne3 O-O (16... Qxb2 17. Nc4 Qxc2 18. Rfc1
Qb3 19. Rc3 Qb4 20. Re3 $18) 17. Nc4 Qc7 $11) 16... O-O (16... Rf8 17. Qg4
O-O-O 18. Ne3 $14) 17. h4 $1 {The advance of the h-pawn openly announces
White's aggressive ambitions.} Ne6 (17... Rae8 18. h5 gxh5 19. Ra3 $1 $16) 18.
Bxe6 fxe6 19. Qh3 Qd4 $1 (19... Rae8 20. h5 Rf7 $13) 20. Nc3 Qxd2 21. Rad1 Qxc2
22. Rxd7 {Black's position is still fine, but due to the activity of the white
pieces extreme caution is called for.} (22. Qxe6+ Kh8 23. Rxd7 Qxb2 $13) 22...
Qxb2 $2 (22... Rae8 23. h5 Rf7 (23... gxh5 24. Rxb7 $11) 24. Rxf7 Kxf7 25. h6
Bf8 $13) (22... Qb3 $1 23. h5 Rad8 24. hxg6 hxg6 $15) 23. h5 $1 gxh5 $4 {
[%mdl 128] With this nervous move Black has managed to prove, that he is not
sensing the danger clearly enough. Judit now wins with a forcing manoeuvre.} (
23... Rf7 24. Qxe6 (24. Rxf7 Kxf7 25. Rb1 Qd2 26. Rxb7+ Kf8 $1 27. Qf3+ (27.
Qxe6 Qxg5+) 27... Qf4 28. Qxf4+ exf4 29. Ne2 Be5 30. Kg2 gxh5 31. Rxh7 Rb8 32.
Rxh5 Rb3 $132) 24... Raf8 25. hxg6 hxg6 26. Rd3 Qc2 27. Rh3 Rd8 28. Qxg6 Rd3
$11) 24. Qxe6+ Kh8 25. Rxg7 $1 Kxg7 26. Qh6+ Kg8 (26... Kf7 27. Rb1 Qxc3 28.
Rxb7+ Ke8 29. Qe6+ $18) 27. g6 hxg6 28. Qxg6+ Kh8 29. Kh1 $1 {It is possible,
that the defender has overlooked the motif of activizing the rook via the
g1-square.} Rf4 (29... Qb3 30. Qxh5+ Kg7 31. Rg1+ Kf6 32. Nd5+ cxd5 33. Rg6+
Ke7 34. Qxe5+ $18) 30. Qxh5+ Kg8 31. Rg1+ Kf8 32. Qh8+ Kf7 33. Qg7+ (33. Qg7+
Ke8 (33... Ke6 34. Rg6+ Rf6 35. Rxf6#) 34. Qxe5+ Kd8 35. Rg8+ Kd7 36. Rg7+ $18)
1-0

[Event "EU-chT (Men) 20th"]
[Site "Reykjavik"]
[Date "2015.11.19"]
[Round "6.4"]
[White "Jakovenko, Dmitrij"]
[Black "Paichadze, Luka"]
[Result "1-0"]
[WhiteElo "2735"]
[BlackElo "2573"]
[Annotator "Gormally,D"]
[PlyCount "103"]
[EventDate "2015.11.13"]
[EventType "team-swiss"]
[EventRounds "9"]
[EventCountry "ISL"]
[SourceTitle "CBM 170"]
[Source "ChessBase"]
[SourceDate "2016.01.15"]
[SourceVersion "1"]
[SourceVersionDate "2016.01.15"]
[SourceQuality "1"]
[WhiteTeam "Russia"]
[BlackTeam "Georgia"]
[WhiteTeamCountry "RUS"]
[BlackTeamCountry "GEO"]

1. e4 c6 2. Nc3 d5 3. Nf3 Bg4 4. h3 Bxf3 5. Qxf3 e6 (5... Nf6 {is the other
main choice. For example} 6. e5 Nfd7 7. Qg3 e6 8. Be2 c5 9. O-O Nc6 10. f4 Nd4
11. Bd1 Nf5 12. Qf3 c4 13. b3 Rc8 14. bxc4 Rxc4 {Dubov,D (2614)-Ding,L (2742)
Kocaeli 2014, and Black was more than fine.}) 6. Qg3 Nd7 {Black has several
ways to approach this position. Paichadze's choice seems the most flexible, as
Black retains the option of how to develop his kingside.} (6... Nf6 7. d3 b5 $5
8. a3 ({Black's idea is that} 8. exd5 {can be met by} cxd5 $1 9. Nxb5 $2 Qa5+
10. Nc3 d4) 8... g6 9. Be2 Bg7 10. O-O O-O 11. f4 Nbd7 12. Bf3 a5 13. Kh1 b4
14. Nd1 bxa3 15. Rxa3 Ne8 {McShane,L (2687)-Fernandez,D (2476) London 2015,
with a murky position.}) ({In these lines famous Caro-Kann expert Anatoly
Karpov likes to fianchetto his bishop. And who should doubt him?} 6... g6 7.
exd5 ({perhaps} 7. d4 {with the idea of} dxe4 8. Nxe4 Qxd4 9. Bd3 {with some
play for White} Nf6 $2 10. Nxf6+ Qxf6 11. Qc7 $1) 7... exd5 8. Be2 Bg7 9. O-O
Ne7 10. d3 Nf5 11. Qh2 O-O 12. Bf4 Nd4 13. Bd1 Re8 {Tkachiev,V (2575)-Karpov,A
(2765) Alma-Ata 1995, and Black was more than fine.}) 7. d4 $5 ({Jakovenko's
choice is slightly more active than} 7. d3 Ngf6 8. Be2 g6 9. h4 h5 10. Bg5 Qb6
11. O-O-O Bg7 12. e5 Ng8 13. d4 Nh6 {Tkachiev,V (2575)-Karpov,A (2765)
Alma-Ata 1995, where Black's position looked tough to crack.}) 7... dxe4 ({
This position is almost completely unexplored although there was one game
where Black played} 7... Ne7 {Perhaps the best way for White now is} 8. Qd3
dxe4 9. Nxe4 {with a slight advantage.}) (7... g6 8. exd5 $1 exd5 (8... cxd5 9.
Nb5 $1 Rc8 10. c3 {is annoying for Black. For example} Qb6 11. a4 $16) 9. Bd3
Bg7 10. Ne2 {should give a lasting edge for White. One of the advantages of
playing d4 is that White can play the bishop to a more active square on d3,
discouraging the manoeuvre ...Ne7-f5, which is an annoying one for White.}) 8.
Nxe4 Ndf6 9. Nxf6+ gxf6 $6 {An interesting experiment by Black, but in this
case unnecessary. By typically precise and excellent technical play in the
endgame phase Jakovenko was able to prove that Black's kingside is indeed a
weakness.} ({There was nothing wrong with the normal} 9... Nxf6 $1 10. c3 g6 (
10... Qd5 $5 11. Bd3 O-O-O $1 {is an interesting way for Black to play,
although this might not appeal to all Caro-Kann players who like to have their
king safely tucked away on the kingside.} 12. O-O Bd6 {with the point that} 13.
Qxg7 $2 Rhg8 {just wins for Black} 14. c4 Qxd4 $19) 11. Bd3 Bg7 (11... Bd6 12.
Qf3 O-O 13. O-O {is also possible, although there are some weaknesses around
the kingside now so it is better to put the bishop on g7}) 12. O-O O-O {
and although White has some slight advantage due to the two bishops Black
should really be fine. This kind of position resembles the Fort Knox variation
of the French, as the name suggests a particularly difficult nut to crack. And
here Black has managed to exchange both set of white knights, making a
kingside assault by White improbable, so a long strategic battle is in store.})
10. c3 Ne7 11. Qf3 {White wants to prevent ...Qd5.} (11. Bd3 Qd5 $1 {is
Black's idea, when} 12. O-O $2 Rg8 13. Qh2 {just looks plain ugly for White.})
11... f5 ({Perhaps Black could have played} 11... Qd5 $5 {anyway, even if the
engine is almost certain not to like this.} 12. Qxf6 Rg8 {this is not
completely sound, but over the board I would struggle to think of a way to
refute Black's play.} 13. Qe5 $5 Qxe5+ 14. dxe5 Ng6 15. f4 Bc5 16. Bd2 Nh4 {
gives Black some play.}) 12. Bc4 Ng6 13. g3 Qc7 14. Be3 O-O-O 15. O-O-O Bd6 16.
Kb1 Rdg8 ({Black cannot solve all his problems with the direct} 16... f4 {
either, because} 17. gxf4 Bxf4 18. h4 $1 {creates a "little" disturbance in
Black's position} Bxe3 19. fxe3 h5 20. Rdg1 Qe7 21. Qf2 {with an edge for
White, as the knight on g6 is hardly stable and will eventually be harrased by
Bd3.} ({even the direct} 21. Bd3 Nxh4 22. Qf4 Nf5 23. Bxf5 exf5 24. Qxf5+ Kb8
25. e4 {is possible, with an edge for White due to his better pawn structure.})
) 17. Bg5 Be7 18. Bh6 Bf8 19. Bc1 h5 20. Bb3 h4 $6 {This seems to help White,
as it just creates fresh targets for the bishop on b3.} ({Still, it is
probable by this point Black had no way of equalising. He should probably
maintain the status quo with} 20... Bh6 21. Bxh6 Rxh6 {although even here
White has a clear plan of attack on the queenside with} 22. c4 $1 Rd8 23. d5
Rhh8 24. dxe6 fxe6 25. Qe3 {winning a pawn}) 21. g4 $1 fxg4 22. hxg4 Bd6 (22...
Bh6 23. g5 $1) 23. Bc2 Kb8 (23... Nf4 {just runs into trouble,} 24. c4 $1 c5 $2
25. dxc5 Be5 26. Rhe1) 24. g5 {White is already much better. He has the two
bishops, and the black h-pawn, far from being threatening, is just constantly
weak and vulnerable to capture.} Rg7 25. Qf6 (25. Bxg6 Rxg6 26. Qe4 {however
would be premature, as after} h3 27. f4 Rg7 {Black is in time to defend the
pawn.}) 25... Rhg8 26. Rdg1 Bf4 27. Be3 $1 {Cleverly improving his pawn
structure.} Bxe3 ({Black could decline the exchange with} 27... Bd6 {but then
he would have no plan. Human players don't really like to play like this, they
like to feel they are making progress in a game, even if it's the "wrong"
progress.} 28. Bxg6 Rxg6 29. Qf3 {in any case seems to leave Black unable to
defend his weak h-pawn.} Rh8 30. Rg4 $16) 28. fxe3 Qe7 $4 29. Rh3 $4 {Mutual
blindness!} (29. Rxh4 $1 {was just a clear pawn.} Qxf6 $2 30. gxf6 $18) 29...
Qxf6 30. gxf6 Rh7 31. Rg5 Rh6 32. e4 Rgh8 ({Better chances of resistance were
offered by the seemingly passive} 32... Rf8 {although in truth this doesn't
change much. White has the much better pawn structure and a commanding
position.} 33. e5 (33. Rg4 $6 e5 $1) 33... Nf4 34. Rh2 h3 35. Kc1 $1 {when his
majesty will stride to e3, forcing the knight from f4, when the capture of the
weakling on h3 should be a trivial matter.} (35. Rg4 Ng2 36. Bd3 {is also
better for White})) 33. e5 Kc7 (33... Nf4 34. Rh2 h3 35. Rg7) 34. Rg4 Kd7 35.
Kc1 Ke8 36. Kd2 Nf8 37. b4 Nd7 38. c4 Rh5 39. Be4 Kf8 {Black is reduced to
complete passivity, shuffling around on the back ranks and waiting for White
to finish him off. His rooks are tied down to the h-pawn, the White bishop is
clearly superior to the knight, and White has a clear plan of advancing his
pawns on the queenside and breaking through over there.  To add to his
problems, the black king is caught in a potential mating net. Not surprisingly,
White has an immediate win here.} (39... Nb6 40. Kc3 a6 41. Kb3 {hardly alters
the situation - White will simply break through with a4, b5 etc.}) 40. Kc3 (40.
Ra3 $1 a6 41. b5 $1 {was winning on the spot.}) 40... Nb6 41. Kb3 Rg8 42. Rxg8+
Kxg8 43. a4 Nd7 44. a5 a6 45. b5 $1 cxb5 46. cxb5 Nxe5 47. dxe5 Rxe5 48. Bd3
Rd5 49. Bc4 Rf5 50. bxa6 bxa6 51. Kb4 Rf4 52. Kc5 1-0